000 00385nam a2200145Ia 4500
008 230917s9999||||xx |||||||||||||| ||und||
040 _e109615
_aMAIN
041 _aEnglish
082 _a352.054 S83F
100 _aSisodia, Yatindra Singh, ed.
245 0 _aFunctioning of panchayat raj system
260 _aJaipur
_bRawat Publications
_c2005
300 _axii, 365 p.
942 _cBK
999 _c130498
_d130498